000 00594nam a2200181Ia 4500
008 100917s9999 xx 000 0 und d
082 _b37547
100 _aबोरगावकर व. रा.
245 _aस्मृतिस्थळ अेक विवेचन
260 _bनुतन प्रकाशन
_c1975
300 _a102
365 _b6
520 _aनिबंध
630 _aस्मृतिस्थळ अेक विवेचन
650 _aनिबंध
730 _aस्मृतिस्थळ अेक विवेचन
942 _cBOOK
999 _c642941
_d642938